| 000 | 00721nam a2200193 a 4500 | ||
|---|---|---|---|
| 003 | 0 | ||
| 005 | 20250516104003.0 | ||
| 008 | 030519s19uu xx 00 eng d | ||
| 050 |
_aPHS HQ 814 _b.U9 2003 |
||
| 100 | _aUy. Maria Patrisha F. | ||
| 245 |
_aA Study on the emotional effects of separation on the male and female spouse / _cMaria Patrisha F. Uy. |
||
| 260 |
_aLas PiƱas City, Philippines : _bSouthville International School and Colleges, _c2003. |
||
| 300 |
_a53 pages : _billustrations ; _c28 cm. |
||
| 504 | _aIncludes bibliographical references. | ||
| 650 |
_aMarital separation _xPsychological aspects. |
||
| 650 |
_aSpouses _xMental health. |
||
| 650 |
_aHusband and wife _xPsychology. |
||
| 942 |
_2lcc _cPASS |
||
| 999 |
_c96755 _d96755 |
||